Các phương pháp phân tích = Analytical methods

Sparad:
Bibliografiska uppgifter
Materialtyp: Bok
Språk:Undetermined
Publicerad: Hà Nội Fulbright 2000
Ämnen:
Taggar: Lägg till en tagg
Inga taggar, Lägg till första taggen!
Thư viện lưu trữ: Trung tâm Học liệu Trường Đại học Cần Thơ
LEADER 00442nam a2200157Ia 4500
001 CTU_153976
008 210402s9999 xx 000 0 und d
082 |a 330.1543 
082 |b C101/T.1 
245 0 |a Các phương pháp phân tích = 
245 0 |b Analytical methods 
260 |a Hà Nội 
260 |b Fulbright 
260 |c 2000 
650 |a Economics, mathematical 
980 |a Trung tâm Học liệu Trường Đại học Cần Thơ